Ethnic violence in Sri Lanka (Record no. 7823)

000 -LEADER
fixed length control field 00412pab a2200157 454500
008 - FIXED-LENGTH DATA ELEMENTS--GENERAL INFORMATION
fixed length control field 180718b1989 xxu||||| |||| 00| 0 eng d
100 ## - MAIN ENTRY--PERSONAL NAME
Personal name Perumal, C.A.
245 ## - TITLE STATEMENT
Title Ethnic violence in Sri Lanka
Remainder of title Cause and consequences
260 ## - PUBLICATION, DISTRIBUTION, ETC.
Date of publication, distribution, etc. 1989
300 ## - PHYSICAL DESCRIPTION
Extent 1-17
362 ## - DATES OF PUBLICATION AND/OR SEQUENTIAL DESIGNATION
Dates of publication and/or sequential designation Jan.-Mar.
650 ## - SUBJECT ADDED ENTRY--TOPICAL TERM
Topical term or geographic name entry element Ethnicity - Sri Lanka
700 ## - ADDED ENTRY--PERSONAL NAME
Personal name R. Thandavan
773 ## - HOST ITEM ENTRY
Main entry heading Indian Journal of Political Science
909 ## -
-- 7823
Holdings
Withdrawn status Lost status Damaged status Not for loan Permanent Location Current Location Date acquired Serial Enumeration / chronology Barcode Date last seen Price effective from Koha item type
        Indian Institute of Public Administration Indian Institute of Public Administration 2018-07-19 Volume no: 50, Issue no: 1 AR7836 2018-07-19 2018-07-19 Articles

Powered by Koha